| 000 | 00509nam a22001817i 4500 | ||
|---|---|---|---|
| 001 | 348 | ||
| 003 | OSt | ||
| 005 | 20170126082242.0 | ||
| 007 | tu | ||
| 008 | 161220s1988 xxu||||| |||| 00| 0 d | ||
| 024 | 7 |
_a347 _2RID |
|
| 040 | _cOSt | ||
| 084 |
_a16.74 _a16.75 _2z |
||
| 245 | 0 | 0 | _aReforming World Agricultural Trade.A Policy Statement by Twenty-nine Professionals from the Seventeen Countries |
| 260 |
_aWashington,D.C., _c1988. |
||
| 300 |
_a32 S. ; _c21cm. |
||
| 110 | 2 |
_aInstitute for International Economics _eEd. |
|
| 942 | _cB | ||
| 999 |
_c344 _d344 |
||